Most Followed Funerals in History - Statistics

General Stats
  • This quiz has been taken 94 times
    47 since last reset
  • The average score is 11 of 20
Answer Stats
Audience Year Answer Hint Location % Correct
4,100 000 000 2022 Elizabeth II monarch United Kingdom
91%
2,500,000,000 1997 Princess Diana member of the royal family United Kingdom
87%
3,000,000,000 2009 Michael Jackson singer United States
85%
1,000,000,000 2016 Muhammad Ali boxer United States
80%
350,000,000 1965 Winston Churchill former Prime Minister United Kingdom
80%
41,500,000 1963 John F. Kennedy President United States
74%
17,500,000 2018 George H.W. Bush President United States
67%
>1,000,000 2013 Nelson Mandela President South Africa
65%
120,000,000 1968 Martin Luther King Jr. activist United States
61%
35,700,000 2004 Ronald Reagan President United States
61%
>100,000,000 1994 Ayrton Senna racing driver Brazil
59%
2,000,000,000 2005 John Paul II Pope Vatican
59%
>1,000,000 1997 Mother Teresa nun India
59%
28,300,000 1994 Richard Nixon President United States
57%
4,000,000 2013 Margaret Thatcher former Prime Minister United Kingdom
52%
15,000,000 2006-2007 Gerald Ford President United States
43%
>1,000,000 1934 Paul von Hindenburg President Germany
24%
>1,000,000 2017 Bhumibol Adulyadej monarch Thailand
7%
15,000,000 2017 Johnny Hallyday rock and roll singer France
7%
50,000,000 2021 Puneeth Rajkumar actor India
2%
No matching quizzes found
Score Distribution
Percent of People with Each Score
Percentile by Number Answered
Your Score History
You have not taken this quiz since the last reset